STUDY ON THE PROBLEMS ENCOUNTERED BY OFFICIALS IN POU MREAL COMMUNE, BASEDTH DISTRICT, KAMPONG SPEU PROVINCE DURING THE SYSTEM REGISTRATION PROCESS សិក្សាពីបញ្ហាដែលមន្ត្រីជួបប្រទះអំឡុងពេលចុះបញ្ជីដីធ្លីលក្ខណៈជាប្រព័ន្ធនៅ ឃុំពោធិម្រាល​ ស្រុកបសេដ្ឋ ខេត្តកំពង់ស្ពឺ (Record no. 24917)

000 -LEADER
fixed length control field 00862nam a22001337a 4500
040 ## - CATALOGING SOURCE
Transcribing agency RUA
082 ## - DEWEY DECIMAL CLASSIFICATION NUMBER
Classification number LMA SIM 2024 B1-398 Or.1
100 ## - MAIN ENTRY--AUTHOR NAME
Personal name SIM KALIANEY សុឹម កល្យាណី
245 ## - TITLE STATEMENT
Title STUDY ON THE PROBLEMS ENCOUNTERED BY OFFICIALS IN POU MREAL COMMUNE, BASEDTH DISTRICT, KAMPONG SPEU PROVINCE DURING THE SYSTEM REGISTRATION PROCESS សិក្សាពីបញ្ហាដែលមន្ត្រីជួបប្រទះអំឡុងពេលចុះបញ្ជីដីធ្លីលក្ខណៈជាប្រព័ន្ធនៅ ឃុំពោធិម្រាល​ ស្រុកបសេដ្ឋ ខេត្តកំពង់ស្ពឺ
260 ## - PUBLICATION, DISTRIBUTION, ETC. (IMPRINT)
Place of publication RUA
Name of publisher PHNOM PENH
Year of publication 2024
300 ## - PHYSICAL DESCRIPTION
Number of Pages x
Other physical details ill
Dimensions 29cm
856 ## - ELECTRONIC LOCATION AND ACCESS
Uniform Resource Identifier https://drive.google.com/file/d/1hg9vqGXo3ySAivs1k5NBibTYdzvhLKKu/view?usp=sharing
942 ## - ADDED ENTRY ELEMENTS (KOHA)
Koha item type LMA
952 ## - LOCATION AND ITEM INFORMATION (KOHA)
Withdrawn status [LOCAL, KOHA] 0
952 ## - LOCATION AND ITEM INFORMATION (KOHA)
Withdrawn status [LOCAL, KOHA] 0
Holdings
Permanent Location Date acquired Koha item type Lost status Shelving location Barcode Current Location Full call number
Library Block B2025-05-13LMA B1.398A084241Library Block BLMA SIM 2024 B1-398 Or.1
Library Block B2025-05-13LMA B1.398A084033Library Block BLMA SIM 2024 B1-398 Or.2
មជ្ឈមណ្ឌលឯការនៃសាកលវិទ្យាល័យភូមិន្ទកសិកម្មចំការដូង

Powered by Koha